| 000 | 00631nam a2200217 a 4500 | ||
|---|---|---|---|
| 001 | 51868 | ||
| 003 | BD-RjUL | ||
| 005 | 20211209075725.0 | ||
| 008 | 160904m19651962maua 001 0 eng | ||
| 035 | _a(BD-RjUL)51988 | ||
| 040 |
_aDLC _cDLC _dBD-RjUL _beng |
||
| 041 | _aeng | ||
| 082 | 0 | 0 |
_a519.72 _bHAL 1965 _223 |
| 100 | 1 |
_aHadley, G. _q(George), _d1930- _97159 |
|
| 245 | 1 | 0 |
_aLinear programming / _cG. Hadley |
| 260 |
_aReading ; Mass. : _bAddison-Wesley Pub. Co., _cC1962 [ 1st printing 1965] |
||
| 300 |
_axii, 520 p. : _bill. ; _c22 cm. |
||
| 500 | _aIncludes index. | ||
| 650 | 0 |
_aLinear programming. _96536 |
|
| 942 |
_2ddc _cBK |
||
| 999 |
_c51868 _d51868 |
||